<?xml version="1.0" encoding="UTF-8"?>
<record
    xmlns:xsi="http://www.w3.org/2001/XMLSchema-instance"
    xsi:schemaLocation="http://www.loc.gov/MARC21/slim http://www.loc.gov/standards/marcxml/schema/MARC21slim.xsd"
    xmlns="http://www.loc.gov/MARC21/slim">

  <leader>00770nab a2200229 uc4500</leader>
  <controlfield tag="001">742580</controlfield>
  <controlfield tag="005">20241108090442.0</controlfield>
  <controlfield tag="008">020528s2002                        por  </controlfield>
  <datafield tag="035" ind1=" " ind2=" ">
    <subfield code="a">742580</subfield>
  </datafield>
  <datafield tag="035" ind1=" " ind2=" ">
    <subfield code="a">(OCoLC)819946950</subfield>
  </datafield>
  <datafield tag="040" ind1=" " ind2=" ">
    <subfield code="c">comduadb</subfield>
  </datafield>
  <datafield tag="041" ind1=" " ind2=" ">
    <subfield code="a">por</subfield>
  </datafield>
  <datafield tag="100" ind1="1" ind2="0">
    <subfield code="a">Ferreira, Wanderley Julio</subfield>
    <subfield code="4">aut</subfield>
    <subfield code="e">aut</subfield>
    <subfield code="9">326839</subfield>
  </datafield>
  <datafield tag="245" ind1="1" ind2="0">
    <subfield code="a">O acabamento da metafisica do sujeito em Nietzsche</subfield>
  </datafield>
  <datafield tag="600" ind1="1" ind2="4">
    <subfield code="a">Nietzsche, Friedrich,</subfield>
    <subfield code="d">1844-1900</subfield>
    <subfield code="9">856386</subfield>
  </datafield>
  <datafield tag="600" ind1="1" ind2="4">
    <subfield code="a">Heidegger, Martin,</subfield>
    <subfield code="d">1889-1976</subfield>
    <subfield code="9">238054</subfield>
  </datafield>
  <datafield tag="650" ind1=" " ind2=" ">
    <subfield code="a">Nihilismo en Nietzsche</subfield>
    <subfield code="9">103913</subfield>
  </datafield>
  <datafield tag="650" ind1=" " ind2=" ">
    <subfield code="a">Voluntad de poder</subfield>
    <subfield code="9">19315</subfield>
  </datafield>
  <datafield tag="650" ind1=" " ind2="7">
    <subfield code="a">Metaf&#xED;sica</subfield>
    <subfield code="2">lemb</subfield>
    <subfield code="9">2121</subfield>
  </datafield>
  <datafield tag="773" ind1="0" ind2=" ">
    <subfield code="t">Fragmentos de Cultura (Goiania)</subfield>
    <subfield code="g">Vol. 12, Mar. 2002. Numero Especial, p. 91-123</subfield>
    <subfield code="w">551406</subfield>
    <subfield code="x">1414-9494</subfield>
    <subfield code="0">131998</subfield>
  </datafield>
  <datafield tag="942" ind1=" " ind2=" ">
    <subfield code="c">ARIMP</subfield>
  </datafield>
  <datafield tag="999" ind1=" " ind2=" ">
    <subfield code="c">243976</subfield>
    <subfield code="d">243976</subfield>
  </datafield>
</record>
